000 00478nam a2200181Ia 4500
005 20250326125706.0
008 250326s9999 xx 000 0 und d
037 _aTextbook
040 _aFMSL
_beng
_cFMSL
041 _aeng
_2eng
084 _aX65 L2
_qFMSL
100 _aJukar P N
_9739493
245 0 _aInvestment: theories and evidence
_cJukar P N
260 _aNY
_bNY, Macmillan
_c1972
300 _a78p
942 _cTB
_hX65 L2
999 _c1279147
_d1279147